[Event "ch-GER Rapid 2013"]
[Site "Gladenbach GER"]
[Date "2013.09.28"]
[Round "5.2"]
[White "Panzalovic,S"]
[Black "Poetsch,H"]
[Result "0-1"]
[WhiteElo "2459"]
[BlackElo "2468"]

1.Nf3 Nf6 2.c4 b6 3.g3 Bb7 4.Bg2 c5 5.O-O g6 6.Nc3 Bg7 7.d4 cxd4 8.Qxd4 d6
9.Be3 Nbd7 10.Rac1 Rc8 11.b3 O-O 12.Qd2 Nc5 13.Rfd1 Nfe4 14.Nxe4 Nxe4 15.Qe1 Qc7
16.Nd4 a6 17.f3 Nc5 18.Bh3 Rb8 19.b4 Nd7 20.Nb3 Bc6 21.c5 bxc5 22.bxc5 d5
23.Na5 e6 24.Bg5 Rfe8 25.e4 Bb2 26.Nxc6 Qxc6 27.Rc2 d4 28.Qd2 Bc3 29.Qf2 Qxc5
30.Bd2 Rb2 31.Rdc1 Bxd2 32.Qxd2 d3+ 33.Rxc5 Rxd2 34.Ra5 Rb8 35.Bf1 Rb5 36.Rxb5 axb5
37.f4 Nf6 38.Rc3 Nxe4 39.Rxd3 Rxd3 40.Bxd3 Nd6 41.Kf2 f6 42.Ke3 e5 43.fxe5 fxe5
44.h4 Kf7 45.g4 Ke6 46.Kf3 Kd5 47.Ke3 e4 48.Be2 Ke5 49.Bf1 h6 50.g5 h5 51.a3 Nc4+
52.Bxc4 bxc4 53.a4 c3 54.a5  0-1

[Event "ch-GER w Rapid 2013"]
[Site "Gladenbach GER"]
[Date "2013.09.28"]
[Round "5.3"]
[White "Schleining,Z"]
[Black "Carow,A"]
[Result "1-0"]
[WhiteElo "2377"]
[BlackElo "2028"]

1.Nf3 c5 2.c4 b6 3.g3 Bb7 4.Bg2 Nf6 5.O-O g6 6.Nc3 Bg7 7.b3 O-O 8.Bb2 d5
9.Nxd5 Nxd5 10.Bxg7 Kxg7 11.cxd5 Qxd5 12.d4 cxd4 13.Nh4 Qd7 14.Bxb7 Qxb7
15.Qxd4+ Kg8 16.Rac1 Nd7 17.Rfd1 Nf6 18.Rd3 Rac8 19.Rcd1 Rc7 20.Qe3 Kg7 21.f3 Rfc8
22.a4 Qc6 23.Ng2 Qc5 24.Kf2 Qxe3+ 25.Nxe3 Rc1 26.Nc4 Rxd1 27.Rxd1 Rc7 28.Rd8 Nd7
29.Ke3 h5 30.Kd4 Nc5 31.Kc3 Kf6 32.Kb4 Na6+ 33.Kb5 Nc5 34.Ne3 Ke6 35.b4 Nd7
36.Ng2 g5 37.h4 f6 38.hxg5 fxg5 39.Rg8 Kd6 40.Rxg5 Nb8 41.Rg6+ e6 42.Nf4 Re7
43.e4 Ke5 44.Nxh5 Kd4 45.Nf4 Rb7 46.Nxe6+ Kc3 47.a5 a6+ 48.Ka4 b5+ 49.Ka3 Nc6
50.Nc5 Rc7 51.Nxa6 Rc8 52.Rd6 Nd4 53.Rxd4 Kxd4 54.Nc5 Rh8 55.a6 Kc3 56.g4 Rh1
57.Nb3 Rh7 58.g5 Ra7 59.Nc5 Rh7 60.f4 Rh1 61.Nb3 Rb1 62.a7 Rxb3+ 63.Ka2 Rb2+
64.Ka1 Rf2 65.a8=Q Rb2 66.Qa7 Kc2  1-0

[Event "Oslo Int Open 2013"]
[Site "Oslo NOR"]
[Date "2013.09.29"]
[Round "4"]
[White "Merkesvik,Sondre"]
[Black "Kvisla,J"]
[Result "0-1"]
[WhiteElo "2055"]
[BlackElo "2157"]

1.Nf3 c5 2.g3 b6 3.Bg2 Bb7 4.c4 Nf6 5.O-O g6 6.d4 cxd4 7.Qxd4 Bg7 8.Nc3 O-O
9.Qh4 d6 10.Bh6 Nbd7 11.b3 a6 12.Rfd1 Rc8 13.Bxg7 Kxg7 14.Nd5 Nxd5 15.cxd5 Nf6
16.e4 b5 17.Nd4 h6 18.Qf4 Qd7 19.Rac1 Rxc1 20.Rxc1 Rc8 21.Qd2 Rxc1+ 22.Qxc1 Qc8
23.Qxc8 Bxc8 24.f3 Bd7 25.Bf1 Kf8 26.Kf2 Ke8 27.Ke3 Kd8 28.a4 bxa4 29.bxa4 Bxa4
30.Bxa6 Kc7 31.Bb5 Bxb5 32.Nxb5+ Kb6 33.Nd4 Kc5 34.h4 h5 35.Ne2 Nd7 36.Nf4 Ne5
37.Nd3+ Kc4 38.Nxe5+ dxe5 39.f4 exf4+ 40.Kxf4 Kd4 41.Kf3 Ke5 42.Ke3 f5 43.exf5 gxf5
44.Kf3 Kxd5 45.Kf4 e5+ 46.Kxf5 e4 47.g4 e3  0-1

[Event "Oslo Int Open 2013"]
[Site "Oslo NOR"]
[Date "2013.09.29"]
[Round "6"]
[White "Groenn,A"]
[Black "Elsness,F"]
[Result "1/2-1/2"]
[WhiteElo "2372"]
[BlackElo "2505"]

1.Nf3 Nf6 2.c4 c5 3.g3 b6 4.Bg2 Bb7 5.O-O g6 6.Nc3 Bg7 7.Re1 Ne4 8.Nxe4 Bxe4
9.d4 cxd4 10.Bh6 Bxh6 11.Qxd4 O-O 12.Qxe4 Nc6 13.e3 Rc8 14.Rac1 Bg7 15.b3 e6
16.Rcd1 Qe7 17.Re2 Rfd8 18.h4 Qb4 19.Qd3 d5 20.cxd5 Rxd5 21.Qb1 Rxd1+ 22.Qxd1 Ne5
23.Nxe5 Bxe5 24.Rc2 Rxc2  1/2-1/2

[Event "TCh-CRO II Liga 2013"]
[Site "Primosten CRO"]
[Date "2013.10.04"]
[Round "4.1"]
[White "Dumpor,A"]
[Black "Sale,S"]
[Result "1-0"]
[WhiteElo "2357"]
[BlackElo "2415"]

1.Nf3 b6 2.g3 Bb7 3.Bg2 c5 4.c4 Nf6 5.O-O g6 6.Nc3 Bg7 7.d4 cxd4 8.Qxd4 d6
9.Bg5 Nbd7 10.Rac1 Rc8 11.Rfd1 Rc5 12.b4 Rc8 13.Nd5 h6 14.Bxf6 Nxf6 15.Bh3 e6
16.Ne3 Qc7 17.a3 Rd8 18.Bg2 O-O 19.Ne1 Ne4 20.Qd3 f5 21.f3 Nf6 22.Qb3 Qf7
23.Nd3 e5 24.Qa4 a6 25.c5 e4 26.Nf2 dxc5 27.bxc5 b5 28.Qa5 Rxd1+ 29.Nfxd1 f4
30.c6 Bc8 31.gxf4 Nh5 32.Qd2 Nxf4 33.fxe4 Qb3 34.Nf2 Bd4 35.Nd3 Qxa3 36.Kh1 Nxg2
37.Nxg2 g5 38.e5 Qe7 39.h4 Qe6 40.e3 Bb6 41.hxg5 hxg5 42.Kg1 Rd8 43.Qc3 a5
44.c7 Re8 45.Qc6 b4 46.Qe4 Qf5 47.Qc6 Qe6 48.Qe4 b3 49.Rc6 Qf5 50.Qc4+ Be6
51.Rxe6  1-0

[Event "Krasnoselskaya Autumn IM 2013"]
[Site "St Petersburg RUS"]
[Date "2013.11.02"]
[Round "1.5"]
[White "Zenzera,A"]
[Black "Rozum,I"]
[Result "1/2-1/2"]
[WhiteElo "2409"]
[BlackElo "2523"]

1.Nf3 Nf6 2.c4 b6 3.g3 Bb7 4.Bg2 c5 5.O-O g6 6.Nc3 Bg7 7.d4 cxd4 8.Qxd4 d6
9.Bg5 Nbd7 10.Rac1 Rc8 11.b3 O-O 12.Qd2 Re8 13.Rfd1 Nc5 14.Qe1 Nce4 15.Nxe4 Bxe4
16.Bxf6 Bxf6 17.Nd4 Bxg2 18.Kxg2 Qd7 19.Nc2 b5 20.Ne3 Qb7+ 21.Kg1 Bg5 22.f4 Bf6
23.Qf2 Bb2 24.Rc2 Ba3 25.Nd5 bxc4 26.bxc4 Qa6 27.Qf3 Qa4 28.Qe4 Bc5+ 29.Kg2 Qd7
30.Qf3 Rb8 31.g4 f6 32.f5 gxf5 33.gxf5 Kh8 34.e4 Rg8+ 35.Kh3 Rg5 36.Rg2 Rxg2
37.Qxg2 Qa4 38.Rd3 Qxc4 39.Rg3 Qc1 40.Rg4 Qh6+ 41.Rh4 Qg7 42.Rg4 Qf7 43.Qg3 Bd4
44.Qh4 Be5 45.Qh6 a5 46.Rg2 e6 47.Ne3 Bd4 48.Nc4 Bc5 49.Nxa5 exf5 50.exf5 Be3
51.Qxe3 Qh5+ 52.Kg3 Qxf5 53.Qf3 Rg8+ 54.Kf2 Qc2+ 55.Kg1 Qb1+ 56.Qf1 Rxg2+
57.Kxg2 Qxa2+ 58.Kg1 Qxa5 59.Qxf6+  1/2-1/2

[Event "FSGM November 2013"]
[Site "Budapest HUN"]
[Date "2013.11.12"]
[Round "9.2"]
[White "Dobrov,V"]
[Black "Vavulin,M"]
[Result "1-0"]
[WhiteElo "2528"]
[BlackElo "2405"]

1.Nf3 Nf6 2.c4 b6 3.g3 c5 4.Bg2 Bb7 5.O-O g6 6.b3 Bg7 7.Bb2 O-O 8.Nc3 d6
9.e3 Nbd7 10.d4 a6 11.Qe2 e6 12.Rfd1 Qc7 13.Rac1 Rac8 14.e4 cxd4 15.Nxd4 Qb8
16.f4 Rfd8 17.b4 Qa8 18.Nb3 Ne8 19.a4 Rc7 20.a5 Rdc8 21.Na4 b5 22.cxb5 axb5
23.Rxc7 Rxc7 24.Nb6 Nxb6 25.axb6 Rc6 26.Bxg7 Kxg7 27.e5 d5 28.Qxb5 Qd8 29.Nd4 Rxb6
30.Qa5 Qc7 31.Bf1 Bc8 32.Bb5 Kf8 33.Kg2 Rb8 34.Qa4 Ng7 35.Bd3 Bd7 36.b5 Kg8
37.Qb4 Ra8 38.b6 Rb8 39.bxc7 Rxb4 40.Bb5 Bc8 41.Ra1 Nf5 42.Nxf5 gxf5 43.Ra8  1-0

[Event "TCh-AUT 2nd Mitte 2013-14"]
[Site "Grieskirchen AUT"]
[Date "2013.11.17"]
[Round "5.4"]
[White "Kaspret,G"]
[Black "Hellmayr,A"]
[Result "1/2-1/2"]
[WhiteElo "2301"]
[BlackElo "2182"]

1.Nf3 c5 2.g3 b6 3.Bg2 Bb7 4.O-O Nf6 5.c4 g6 6.b3 Bg7 7.Bb2 O-O 8.Nc3 d5
9.Nxd5 Nxd5 10.Bxg7 Kxg7 11.cxd5 Qxd5 12.d4 cxd4 13.Qxd4+ Qxd4 14.Nxd4 Bxg2
15.Kxg2 Na6 16.Rfc1 Rfd8 17.Nc6 Rd7 18.b4 Rc7 19.b5 Nc5 20.Nb4 Rd7 21.Rc2 a6
22.bxa6 Nxa6 23.Nd3 Rda7 24.Rb1 Nc5 25.Nxc5 bxc5 26.Rxc5 Rxa2 27.Re5 e6 28.Rb7 R8a7
29.Rxa7 Rxa7 30.f4 Ra2 31.Kf3 h5  1/2-1/2

[Event "1st Srefidensi Masters 2013"]
[Site "Paramaribo SUR"]
[Date "2013.11.24"]
[Round "7.3"]
[White "Sriram,J"]
[Black "Lebredo Zaragoitia,G"]
[Result "1/2-1/2"]
[WhiteElo "2432"]
[BlackElo "2218"]

1.Nf3 Nf6 2.c4 c5 3.g3 b6 4.Bg2 Bb7 5.O-O g6 6.Nc3 Bg7 7.d4 cxd4 8.Qxd4 Nc6
9.Qf4 Qb8 10.Qe3 O-O 11.Rd1 Re8 12.h3 e6 13.Qg5 d6 14.Qh4 Ne5 15.Nxe5 dxe5
16.Bg5 Bxg2 17.Kxg2 Qb7+ 18.f3 Nh5 19.Ne4 h6 20.Bf6 Nxf6 21.Nxf6+ Bxf6 22.Qxf6 e4
23.f4 Qc7 24.Rd4 e5 25.fxe5 Qxe5 26.Qxe5 Rxe5 27.Rad1 Kg7 28.Rd7 b5 29.Rc7 bxc4
30.Rdd7 Rf5 31.Rxc4 Rb8 32.b3 Ra5 33.Rcc7 Rxa2 34.Rxf7+ Kg8 35.Rg7+ Kh8 36.Kf2 Rxb3
37.Rh7+ Kg8 38.Rcg7+ Kf8 39.Rf7+ Kg8 40.Rhg7+ Kh8 41.Rxg6 Rbb2 42.Re6 Rxe2+
43.Kf1 Kg8 44.Rd7 Rf2+ 45.Ke1 Rfe2+ 46.Kd1 Rf2 47.Ke1 Rfe2+ 48.Kd1 Rf2  1/2-1/2

[Event "5th Classic Open 2013"]
[Site "London ENG"]
[Date "2013.12.08"]
[Round "2.22"]
[White "Moore,Ge"]
[Black "Elsness,F"]
[Result "0-1"]
[WhiteElo "2215"]
[BlackElo "2482"]

1.Nf3 Nf6 2.c4 b6 3.g3 Bb7 4.Bg2 c5 5.O-O g6 6.Nc3 Bg7 7.d4 cxd4 8.Qxd4 d6
9.Rd1 Nbd7 10.Be3 Rc8 11.Rac1 O-O 12.Qh4 a6 13.b3 Rc7 14.Bh6 Qa8 15.Nd5 Nxd5
16.cxd5 Rxc1 17.Rxc1 Nf6 18.Bxg7 Kxg7 19.e4 Rc8 20.Re1 Rc3 21.Nd4 Qc8 22.Qg5 h6
23.Qd2 Qc5 24.Rb1 b5 25.a3 a5 26.b4 Qc4 27.Nc6 Bxc6 28.dxc6 axb4 29.axb4 Rc2
30.Qd1 Qc3 31.h3 Ne8 32.Bf1 Nc7  0-1

[Event "TCh-CZE Zapad 2013-14"]
[Site "Prague CZE"]
[Date "2013.12.08"]
[Round "4.6"]
[White "Nidl,P"]
[Black "Fajman,P"]
[Result "1/2-1/2"]
[WhiteElo "2203"]
[BlackElo "2267"]

1.Nf3 Nf6 2.g3 b6 3.Bg2 Bb7 4.O-O c5 5.c4 g6 6.b3 Bg7 7.Bb2 O-O 8.d4 cxd4
9.Bxd4 d6 10.Na3 Na6 11.Qc2 Qc8 12.Qb2 Nc5 13.Rac1 Rd8 14.Rfd1 Ne6 15.Bc3 Bh6
16.e3 Ne4 17.Be1 N4g5 18.Nxg5 Nxg5 19.f4 Nf3+ 20.Kh1 Nxe1 21.Rxe1 Bg7 22.Qd2 Bxg2+
23.Kxg2 Qb7+ 24.e4 f5 25.Rcd1 fxe4 26.Qd5+ Qxd5 27.cxd5 Rac8 28.Rxe4 Rd7
29.Rc4 Rc5 30.Rd2 Kf7 31.Kf3 Ra5 32.Nb1 Rc5  1/2-1/2

[Event "Pavlodar Open 2013"]
[Site "Pavlodar KAZ"]
[Date "2013.12.11"]
[Round "2.5"]
[White "Jumabayev,R"]
[Black "Karmenov,Z"]
[Result "1-0"]
[WhiteElo "2561"]
[BlackElo "2234"]

1.Nf3 Nf6 2.g3 b6 3.Bg2 Bb7 4.O-O c5 5.c4 g6 6.d4 cxd4 7.Qxd4 Bg7 8.Nc3 O-O
9.Qh4 d6 10.Be3 Nbd7 11.Rfd1 Rc8 12.Rac1 a6 13.b3 Rc7 14.Bh3 Qa8 15.Nd2 Rfc8
16.g4 b5 17.g5 Ne8 18.f3 d5 19.Bxd7 Rxd7 20.Nxd5 Bxd5 21.cxd5 Rxd5 22.Ne4 Rcd8
23.Qe1 Bb2 24.Rb1 Be5 25.Kg2 Ng7 26.Bb6 R8d7 27.Bf2 Ne6 28.Bg3 Qd8 29.Rxd5 Rxd5
30.Rc1 Qd7 31.Bxe5 Rxe5 32.Qc3 Qd5 33.h4 Nf4+ 34.Kf2 Re6 35.Qc8+ Kg7 36.Qc3+ Kg8
37.Qc5 Kg7 38.Qxd5 Nxd5 39.Rd1 Nc7 40.Rd7 Ne8 41.Ra7 Kf8 42.Nc5 Rc6 43.Nxa6 Nd6
44.Nb4 Rc5 45.e4 e6 46.Ke2 Rc1 47.Rd7 Ne8 48.Rb7 Nd6 49.Rb8+ Rc8 50.Rxc8+ Nxc8
51.Nc6 Ke8 52.Kd3  1-0

[Event "SportAccord Rapid Men 2013"]
[Site "Beijing CHN"]
[Date "2013.12.12"]
[Round "3.2"]
[White "Wang Yue"]
[Black "Karjakin,Sergey"]
[Result "0-1"]
[WhiteElo "2723"]
[BlackElo "2756"]

1.Nf3 Nf6 2.c4 b6 3.g3 c5 4.Bg2 Bb7 5.O-O g6 6.d4 cxd4 7.Qxd4 Bg7 8.Qh4 h6
9.Nc3 d6 10.Rd1 Nbd7 11.Nd4 Bxg2 12.Kxg2 g5 13.Qh3 g4 14.Qh4 Ne5 15.Nd5 Qc8
16.b3 Nxd5 17.cxd5 Ng6 18.Qh5 Bxd4 19.Rxd4 Qc3 20.Rc4 Qxa1 21.Qxg4 Kf8 22.Rc2 h5
23.Qd7 h4 24.Bb2 h3+ 25.Kf3 Qxb2  0-1

[Event "80th ch-BRA 2013"]
[Site "Joao Pessoa BRA"]
[Date "2013.12.14"]
[Round "2.2"]
[White "Toth,Chr"]
[Black "Barbosa,Ev"]
[Result "1/2-1/2"]
[WhiteElo "2365"]
[BlackElo "2461"]

1.Nf3 Nf6 2.g3 b6 3.Bg2 Bb7 4.O-O c5 5.c4 g6 6.b3 Bg7 7.Bb2 O-O 8.Nc3 e6
9.d4 d5 10.cxd5 exd5 11.Rc1 Na6 12.e3 Re8 13.Qc2 Qe7 14.Rfd1 Nb4 15.Qb1 Ng4
16.Re1 Bh6 17.Ne5 Nxe5 18.dxe5 d4 19.Ne4 Bxe4 20.Bxe4 Rad8 21.a3 Nd5 22.Rcd1 Nc3
23.Bxc3 dxc3 24.f4 Rd2 25.Rxd2 cxd2 26.Rd1 Rd8 27.Bd3 b5 28.Bxb5 Qb7 29.Be2 Bf8
30.Qc2 c4 31.b4 a5 32.Rxd2 Rxd2 33.Qxd2 axb4 34.axb4 Qb5 35.Qc3 Bxb4 36.Qxc4 Qb6
37.Kf2 Bc5 38.Qe4 Qb3 39.Bc4 Qb2+ 40.Be2 Qb3 41.Kf3 Kg7 42.Bd3 Qd1+ 43.Kf2 Qd2+
44.Be2 Bb4 45.Qd3 Qe1+ 46.Kg2 Bc5 47.g4 Qc1 48.Qc4 Qxe3 49.Bd1 Bd4 50.Qf1 Qd2+
51.Be2 Qe3 52.Qf3 Qg1+ 53.Kh3 Qc1 54.e6 fxe6 55.Qb7+ Kf8 56.Qa8+ Ke7 57.Qb7+ Kf8
58.Qa8+ Ke7 59.Qb7+ Kf8  1/2-1/2

[Event "FSFMA December 2013"]
[Site "Budapest HUN"]
[Date "2013.12.15"]
[Round "8.5"]
[White "Berta,S"]
[Black "Szalanczy,E"]
[Result "1-0"]
[WhiteElo "1969"]
[BlackElo "2245"]

1.Nf3 Nf6 2.g3 b6 3.Bg2 Bb7 4.O-O c5 5.c4 g6 6.b3 Bg7 7.Bb2 O-O 8.d3 d6 9.Qc2 Nc6
10.Nc3 Rc8 11.Rac1 Qd7 12.Rfd1 Rfd8 13.Qb1 h6 14.Qa1 Nd4 15.Nxd4 Bxg2 16.Ne6 Ba8
17.Nxg7 Qh3 18.e4 Ng4 19.Rd2 Qxh2+ 20.Kf1 e5 21.Nb5 Rd7 22.Nh5 Rf8 23.Nxd6 Qxh5
24.Nb5 Re8 25.Nc3  1-0

[Event "Bay Area International 2014"]
[Site "Santa Clara USA"]
[Date "2014.01.02"]
[Round "1.7"]
[White "Kaufman,R"]
[Black "Margvelashvili,G"]
[Result "0-1"]
[WhiteElo "2301"]
[BlackElo "2555"]

1.Nf3 c5 2.c4 Nf6 3.g3 b6 4.Bg2 Bb7 5.O-O g6 6.d4 cxd4 7.Qxd4 Bg7 8.Nc3 d6
9.Rd1 Nbd7 10.Nd5 Rc8 11.Bh3 Rc5 12.e4 O-O 13.Qd3 b5 14.Nxf6+ Nxf6 15.e5 bxc4
16.Qe2 Bxf3 17.Qxf3 Rxe5 18.Bf4 Rc5 19.Rac1 Qa5 20.Qe2 Nd5 21.Bd2  0-1

[Event "25th Roquetas de Mar Open"]
[Site "Roquetas de Mar ESP"]
[Date "2014.01.03"]
[Round "2.6"]
[White "Nicolas Zapata,I"]
[Black "Plaskett,J"]
[Result "1/2-1/2"]
[WhiteElo "2249"]
[BlackElo "2490"]

1.Nf3 Nf6 2.c4 c5 3.g3 b6 4.Bg2 Bb7 5.O-O g6 6.b3 Bg7 7.Bb2 O-O 8.Nc3 Na6
9.Re1 e6 10.e4 Nxe4 11.d4 d5 12.cxd5 Nxc3 13.Bxc3 Qxd5 14.Nh4 Qd7 15.dxc5 Qxd1
16.Raxd1 Bxg2 17.Bxg7 Kxg7 18.Kxg2 Nxc5 19.b4 Na4 20.Rd7 a5 21.Rxe6 axb4
22.Rc6 Nc3 23.Rxb6 Nxa2 24.Rdb7 Ra5 25.Nf3 Rd8 26.h4 h6 27.Re7 Rf5 28.Ra7 Nc3
29.Rxb4 Rd3 30.Nd4 Rf6 31.Rd7 Kh7 32.Rb3 g5 33.h5 g4 34.Ne6 Rxd7 35.Nf8+ Kg7
36.Nxd7 Rd6 37.Ne5 Ne4 38.Nxg4 Rd5 39.Re3 Nf6 40.Nxf6 Kxf6 41.g4 Kg5 42.Kg3 Rd4
43.Re5+ Kf6 44.Rf5+ Kg7 45.Ra5 Rb4 46.Ra6 Rb3+ 47.f3 Rb4 48.Rc6 Ra4 49.Rb6 Rc4
50.Rb5 Ra4 51.Rf5 Rb4 52.Rf4 Rb2 53.Re4 Ra2 54.Kf4 Kf6 55.Rb4 Ra3 56.Rb6+ Kg7
57.Rb5 Kf6 58.Rb6+ Kg7 59.Rd6 Ra4+ 60.Ke5 Ra3 61.f4 Rh3 62.f5 Re3+ 63.Kf4 Re8
64.g5 hxg5+ 65.Kxg5 Ra8 66.h6+ Kh7 67.Rd7 Kg8 68.h7+ Kxh7 69.Rxf7+ Kg8 70.Kg6 Ra6+
71.Rf6 Ra1 72.Rb6 Rg1+ 73.Kf6 Ra1 74.Rb8+ Kh7 75.Re8 Rf1 76.Re7+ Kg8 77.Rg7+ Kf8
78.Rc7 Kg8 79.Rc8+ Kh7 80.Re8 Rf2 81.Ke6 Re2+ 82.Kf7 Ra2 83.f6 Ra7+ 84.Re7 Ra8
85.Re8 Ra7+ 86.Re7 Ra8 87.Ke6+ Kg8 88.Rd7 Kf8 89.Rf7+ Kg8 90.Rd7 Kf8 91.Rh7 Ra6+
92.Kf5 Ra1  1/2-1/2